1629 1388 1474 1804 1706 1701 1878 1860 1646 1931 1325 1914 1619 1452 1663 1902 1206 1737 1297 1923 1087 1864 1026 1351 1680 1163 1044 1200 1018 1871 1900 1974 1062 1786 1250 1362 1331 1301 1950 1029 1935 1633 1270 1644 1486 1971 1286 1491 1654 1709 1985 1240 1296 1673 1194 1875 1896 1108 1340 1455 1266 1211 1370 1902 1979 1928 1680 1278 1710 1221 1654 1033 1603 1716 1895 1770 1596 1713 1684 1991 1224 1626 1085 1881 1855 1700 1198 1057 1876 1745 1944 1930 1497 1506 1258 1844 1414 1387 1372 BCNSPRNW ULIB Ver.6.0+V

เปลี่ยนเป็นภาษาไทย

Change to English
 แสดงรายละเอียดบรรณานุกรม
  กลับหน้าหลัก

Brief Record : Get Marc (ISO 2709) : E-mail record : QR code < ปิดหน้าต่าง
LEADER : 00000nam 2200000uu 4500
001    13399125576
003     ULIB
008    170701s2559||||th 000 0 tha d
020    ^a9786169238812
060    ^aWB327^bฐ695ค
100    Andrew Berrie
245    ^aคู่มือสร้างหุ่นสไตล์บิกีนี่โมเดล = Bikini body fitness /^cAndrew Berrie
250    ^aพิมพ์ครั้งที่ 1
260    ^aกรุงเทพฯ :^bซีเอ็ดยูเคชั่น,^c2559
300    ^a257 หน้า^bภาพประกอบ
650    ^aการออกกำลังกาย
700 0  ^aฐิติรัตน์ ชีวงษ์^eผู้แปล
945    ^p390^l0^i25234
999    ^aทศพร เกษรทอง
รายการนี้ยังไม่มีแท็ก
คุณยังไม่ได้ล็อกอิน คุณสามารถมีกิจกรรมร่วมกับเว็บไซต์ได้ แต่ต้องล็อกอินก่อน ::
  ล็อกอิน

รายการสื่อสารสนเทศ

ลำดับที่ ประเภท เลขเรียก/บาร์โค้ด สถานที่ สถานะ
1. วิทยาศาสตร์การแพทย์ และสุขภาพ
วิทยาศาสตร์การแพทย์ และสุขภาพ
สถานะ=หนังสือเก่า
WB327 ฐ695ค ฉ.1 
  Barcode: 25234
ห้องสมุดวิทยาเขตนครสวรรค์
►ส่วนจัดเก็บหนังสือเก่า นว.
บนชั้น
  ขอยืม

รายการใกล้เคียง
    ผู้แต่ง [Andrew Berrie]

    หัวเรื่อง [การออกกำลังกาย]

BibComment


ยังไม่เคยถูกคอมเมนท์

คอมเมนท์ทรัพยากรรายการนี้
  คอมเมนท์: คู่มือสร้างหุ่นส..


 Copyright 2026. Bcnsprnw @Library